Personnalités mortes en 2022 - Statistiques

Statistiques générales
  • Ce quiz a été pris 162 fois
  • Le résultat moyen est 8 sur 25
Statistiques - réponses
Indice Réponse % Correct
Il présentait des émissions de vulgarisation scientifique avec son frère jumeau Igor Bogdanoff
79%
Il était une personnalité appréciée des Français pour son journal de 13h sur TF1 pendant 33 ans Jean-Pierre Pernault
76%
Elle a régné sur le Royaume-Uni pendant 70 ans Élisabeth II
74%
Le Roi du football, accessoirement a été Ministre des sports brésilien Pelé
70%
Il a été le dernier président de l'URSS Mikhail Gorbatchev
62%
Il a été Pape de 2005 à 2013 avant de renoncer Benoit XVI
51%
À son décès à 37 ans, il détenait deux César pour Juste la fin du monde et Saint Laurent Gaspard Ulliel
43%
Elle est principalement célèbre pour son rôle de Sandy Olson dans Grease Olivia Newton-John
36%
Elle était la reine de la nuit parisienne et la chanteuse des P'tits papiers Régine
35%
Il a été Premier ministre du Japon pendant plus de 7 ans et est mort assassiné Shinzo Abe
33%
Il est un des fondateurs du mouvement cinématographique de la Nouvelle Vague Jean-Luc Godard
30%
Il est connu pour dessins humoristiques de presse ou ses travaux avec René Goscinny Jean-Jacques Sempé
23%
Il a révolutionné le noir en peinture avec l'outre-noir Pierre Soulages
22%
Après avoir été résistant, il a été un acteur reconnu comme dans Et Dieu... créa la femme Jean-Louis Trintignant
19%
Sa musique What a feelin' est devenu un tube planétaire Irene Cara
17%
Ses rôles dans Fantomas en 1964 ou dans Camping en 2006 ont marqué sa carrière Mylène Demongeot
17%
Il est célèbre pour ses créations de mode, ses parfums ou sa signature Manfred Thierry Mugler
13%
Icone du punk dans la mode Vivienne Westwood
12%
Il obtient l'oscar du meilleur acteur en 1964 pour Le lys des champs Sidney Poitier
11%
Connue pour ses rôles dans les productions hollywoodiennes comme la série Arabesque ou le film Hantise Angela Lansbury
9%
Il détient une des carrières les plus longues de 1943 à 2021 au théâtre et au cinéma Michel Bouquet
9%
Reconnu entre autres pour le film Les Choristes et ses documentaires multi récompensés Jacques Perrin
8%
Scientifique reconnu, parfois controversé, il a co-découvert le Sida Luc Montagnier
6%
Ses romans à succès se sont vendus à 15 millions d'exemplaires (Une nouvelle vie, l'héritage de Clara...) Françoise Bourdin
3%
Ses bandes-dessinées engagées et ses dessins dans l'Humanité ont marqué la BD Jean Teulé
1%
Aucun quiz correspondant
Distribution des résultats
% des personnes avec chaque résultat
Percentile par nombre de réponses
Votre historique - résultats
Vous n’avez pas pris ce quiz